| 000 | 02242nam0a2200397 4500 | ||
|---|---|---|---|
| 001 | RU\NLR\bibl\813769 | ||
| 005 | 20260406051642.0 | ||
| 010 |
_a5-9221-0277-X _bВып. 6 |
||
| 010 | _a5-9221-0134-X | ||
| 021 |
_aRU _b2005-10371 _9536 |
||
| 035 | _a(NLR Aleph) 000802817 | ||
| 090 |
_a1192039 _c1192039 |
||
| 100 | _a20050629d2005 |||y0rusy50 ca | ||
| 101 | 0 | _arus | |
| 102 | _aRU | ||
| 105 | _aa ||||||||| | ||
| 200 | 1 |
_aДифференциальные уравнения _eучебник для студентов физических специальностей и специальности "Прикладная математика" _fА.Н. Тихонов, А.Б. Васильева, А.Г. Свешников _g[МГУ им. М.В. Ломоносова] |
|
| 205 |
_aИзд. четвертое, стеор. _b[воспроизводится с 3-го изд. 1998 г.] |
||
| 210 |
_aМ. _cФИЗМАТЛИТ _d2005 |
||
| 215 |
_a253 с. _cил. _d22 |
||
| 225 | 1 |
_aКурс высшей математики и математической физики _fпод ред. А.Н. Тихонова и др. _vВып. 6 |
|
| 225 | 1 |
_aСерия Классический университетский учебник _fред. совет: пред. В.А. Садовничий и др. |
|
| 300 | _aНа авантит.: посвящ. 250-летию Моск. ун-та | ||
| 320 | _aБиблиогр.: с. 249-250 (28 назв.) | ||
| 320 | _aПредм. указ.: с. 251-253 | ||
| 606 | 1 |
_aДифференциальные уравнения _jУчебники для высших учебных заведений _91261155 _3RU\NLR\auth\66200289 |
|
| 686 | _aВ161.6я73-1 | ||
| 700 | 1 |
_4070 _8rus _7ca _aТихонов _bА.Н. _cматематик _f1906-1993 _gАндрей Николаевич _3RU\NLR\auth\776865 _9116812 |
|
| 701 | 1 |
_4070 _8rus _7ca _aВасильева _bА. Б. _cд-р физ.-мат. наук _f1926- _gАделаида Борисовна _3RU\NLR\auth\7728262 _911293 |
|
| 701 | 1 |
_aСвешников _bА. Г. _gАлексей Георгиевич _4070 |
|
| 801 | 0 |
_aRU _bNLR _c20050629 _grcr |
|
| 801 | 1 |
_aRU _bNLR _c20050629 |
|
| 830 | _aАвт. по кн. | ||
| 942 | _cBOOK | ||
| 980 | _aNB | ||